Clusters of galaxies (Record no. 15940)

MARC details
000 -LEADER
fixed length control field 00886nam a2200241Ia 4500
003 - CONTROL NUMBER IDENTIFIER
control field IN-BaIIA
008 - FIXED-LENGTH DATA ELEMENTS--GENERAL INFORMATION
fixed length control field 211028s9999 xx 000 0 eng d
020 ## - INTERNATIONAL STANDARD BOOK NUMBER
International Standard Book Number 0-521-75577-8
040 ## - CATALOGING SOURCE
Transcribing agency IIA Library
080 ## - UNIVERSAL DECIMAL CLASSIFICATION NUMBER
Universal Decimal Classification number 524.77
Item number CLU
245 #0 - TITLE STATEMENT
Title Clusters of galaxies
Remainder of title probes of cosmological structure and galaxy evolution
Statement of responsibility, etc. edited by John S. Mulchaey, Alan Dressler and Augustus Oemler
260 ## - PUBLICATION, DISTRIBUTION, ETC.
Place of publication, distribution, etc. Cambridge
Name of publisher, distributor, etc. Cambridge University Press
Date of publication, distribution, etc. 2004
300 ## - PHYSICAL DESCRIPTION
Extent xv, 381p.
490 ## - SERIES STATEMENT
Series statement Carnegie observatories astrophysics series; v. 3
650 ## - SUBJECT ADDED ENTRY--TOPICAL TERM
Topical term or geographic name entry element Cosmological structure
9 (RLIN) 29427
650 ## - SUBJECT ADDED ENTRY--TOPICAL TERM
Topical term or geographic name entry element Galaxy clustering
9 (RLIN) 21215
650 ## - SUBJECT ADDED ENTRY--TOPICAL TERM
Topical term or geographic name entry element Galaxy distribution
9 (RLIN) 3369
650 ## - SUBJECT ADDED ENTRY--TOPICAL TERM
Topical term or geographic name entry element Galaxy evolution
9 (RLIN) 6225
700 ## - ADDED ENTRY--PERSONAL NAME
Personal name Dressler, Alan, ed.
9 (RLIN) 29428
700 ## - ADDED ENTRY--PERSONAL NAME
Personal name Mulchaey, John S., ed.
9 (RLIN) 29429
700 ## - ADDED ENTRY--PERSONAL NAME
Personal name Oemler, Augustus, ed.
9 (RLIN) 29430
942 ## - ADDED ENTRY ELEMENTS (KOHA)
Koha item type Books
Holdings
Withdrawn status Lost status Damaged status Not for loan Home library Current library Shelving location Date acquired Source of acquisition Cost, normal purchase price Total Checkouts Full call number Barcode Date last seen Date last checked out Cost, replacement price Price effective from Koha item type Purchase Price
        IIA Library-Bangalore IIA Library-Bangalore General Stacks 25/07/2005 ANJ 5338.90 1 524.77/ CLU 16862 25/04/2023 31/03/2023 5338.90 25/07/2005 Books Rs. 5338.90

Powered by Koha